000 00582nam a2200193 i 4500
001 23804
003 ES-MaACL
005 20230914124629.0
007 t|
008 021212s1970 ag ||||1| spa d
100 1 _aAmilibia Matxinbarrena, Miguel de.
_921254
245 1 4 _aLos dos Robinsones
_b: un ensayo sobre el valor de cambio /
_cMiguel de Amilibia.
260 _aBuenos Aires :
_bSudamericana,
_c[1970]
300 _a153 p. ;
_c20 cm.
852 _aES-MaACL
_jA-10863
_bR.99916
852 _aES-MaACL
_jA-5744
_bR.94624
942 _2udc
999 _c23804
_d23804